AT.LONG.LAST.A$AP - A$AP Rocky - Statistics

General Stats
  • This quiz has been taken 11 times
  • The average score is 8 of 18
Answer Stats
Songs Plays Artists % Correct
Everyday 891,809,828 A$AP Rocky, Rod Stewart, Miguel, Mark Ronson
78%
Jukebox Joints 269,522,009 A$AP Rocky, Joe Fox, Kanye West
78%
L$D 600,131,199 A$AP Rocky
78%
Holy Ghost 74,191,624 A$AP Rocky, Joe Fox
56%
Back Home 28,495,998 A$AP Rocky, Mos Def, Acyde, Yams
44%
Canal St. 196,928,781 A$AP Rocky, Bones
44%
Electric Body 140,640,699 A$AP Rocky, ScHoolboy Q
44%
Excuse Me 145,253,389 A$AP Rocky
44%
M'$ 63,488,383 A$AP Rocky, Lil Wayne
44%
Pharsyde 62,461,075 A$AP Rocky, Joe Fox
44%
Dreams 22,582,296 A$AP Rocky
33%
Fine Whine 70,831,102 A$AP Rocky, Joe Fox, Future, M.I.A.
33%
JD 41,872,014 A$AP Rocky
33%
Lord Pretty Flacko Jodye 2 429,720,788 A$AP Rocky
33%
Max B 33,705,951 A$AP Rocky, Joe Fox
33%
Wavybone 53,723,613 A$AP Rocky, Juicy J, UGK
33%
West Side Highway 26,501,296 A$AP Rocky, James Fauntleroy
33%
Better Things 35,949,236 A$AP Rocky
22%
No matching quizzes found
Score Distribution
Percent of People with Each Score
Percentile by Number Answered
Your Score History
You have not taken this quiz